<?xml version="1.0" encoding="UTF-8"?>
<record
    xmlns:xsi="http://www.w3.org/2001/XMLSchema-instance"
    xsi:schemaLocation="http://www.loc.gov/MARC21/slim http://www.loc.gov/standards/marcxml/schema/MARC21slim.xsd"
    xmlns="http://www.loc.gov/MARC21/slim">

  <leader>01098nam a2200241   4500</leader>
  <controlfield tag="003">CO-ViMGA</controlfield>
  <datafield tag="020" ind1=" " ind2=" ">
    <subfield code="a">9789587616613</subfield>
  </datafield>
  <datafield tag="040" ind1=" " ind2=" ">
    <subfield code="a">CO-ViMGA</subfield>
    <subfield code="b">spa</subfield>
    <subfield code="c">CO-ViMGA</subfield>
  </datafield>
  <datafield tag="082" ind1="0" ind2="4">
    <subfield code="a">378.107</subfield>
    <subfield code="b">A32a</subfield>
  </datafield>
  <datafield tag="245" ind1="1" ind2="0">
    <subfield code="a">Agendas de conocimiento:</subfield>
    <subfield code="b">Metodolog&#xED;a para su construcci&#xF3;n colectiva. Hacia un Sistema institucional de pensamiento y gesti&#xF3;n permanente del conocimiento, la creaci&#xF3;n art&#xED;stica y la innovaci&#xF3;n</subfield>
  </datafield>
  <datafield tag="260" ind1=" " ind2=" ">
    <subfield code="a">Bogot&#xE1;: </subfield>
    <subfield code="b">Universidad Nacional de Colombia. Vicerrector&#xED;a de Investigaci&#xF3;n.</subfield>
    <subfield code="c">2013</subfield>
  </datafield>
  <datafield tag="300" ind1=" " ind2=" ">
    <subfield code="a">214 p.</subfield>
  </datafield>
  <datafield tag="490" ind1=" " ind2=" ">
    <subfield code="a">Agendas de Conocimiento</subfield>
    <subfield code="v">M</subfield>
  </datafield>
  <datafield tag="500" ind1=" " ind2=" ">
    <subfield code="a">Incluye &#xED;ndice</subfield>
  </datafield>
  <datafield tag="504" ind1=" " ind2=" ">
    <subfield code="a">Incluye bibliografia</subfield>
  </datafield>
  <datafield tag="650" ind1="1" ind2="4">
    <subfield code="a">Educaci&#xF3;n Superior</subfield>
    <subfield code="v">Planificaci&#xF3;n</subfield>
    <subfield code="y">2010-2012</subfield>
    <subfield code="z">Colombia</subfield>
    <subfield code="9">7288</subfield>
  </datafield>
  <datafield tag="650" ind1="1" ind2="4">
    <subfield code="a">Investigaci&#xF3;n y desarrollo</subfield>
    <subfield code="v">Ense&#xF1;anza superior</subfield>
    <subfield code="y">2010-2012</subfield>
    <subfield code="z">Colombia</subfield>
    <subfield code="9">7304</subfield>
  </datafield>
  <datafield tag="650" ind1="1" ind2="4">
    <subfield code="a">Universidad Nacional de Colombia</subfield>
    <subfield code="v">Investigaci&#xF3;n</subfield>
    <subfield code="x">Planificaci&#xF3;n</subfield>
    <subfield code="y">2010-2012</subfield>
    <subfield code="9">7303</subfield>
  </datafield>
  <datafield tag="700" ind1="1" ind2=" ">
    <subfield code="a">Molina Gallego, Rafael Alberto</subfield>
    <subfield code="e">ed.</subfield>
    <subfield code="9">7305</subfield>
  </datafield>
  <datafield tag="700" ind1="1" ind2=" ">
    <subfield code="a">S&#xE1;nchez Torres, Jenny Marcela</subfield>
    <subfield code="e">ed.</subfield>
    <subfield code="9">7306</subfield>
  </datafield>
  <datafield tag="700" ind1="1" ind2=" ">
    <subfield code="a">S&#xE1;nchez Vargas, Adriana del Pilar</subfield>
    <subfield code="e">ed.</subfield>
    <subfield code="9">7307</subfield>
  </datafield>
  <datafield tag="942" ind1=" " ind2=" ">
    <subfield code="2">ddc</subfield>
    <subfield code="c">BK</subfield>
  </datafield>
  <datafield tag="999" ind1=" " ind2=" ">
    <subfield code="c">37707</subfield>
    <subfield code="d">37707</subfield>
  </datafield>
  <datafield tag="952" ind1=" " ind2=" ">
    <subfield code="0">0</subfield>
    <subfield code="1">0</subfield>
    <subfield code="2">ddc</subfield>
    <subfield code="4">0</subfield>
    <subfield code="7">0</subfield>
    <subfield code="8">003</subfield>
    <subfield code="a">MEVIECAR</subfield>
    <subfield code="b">MEVIECAR</subfield>
    <subfield code="d">2016-10-27</subfield>
    <subfield code="g">15568.00</subfield>
    <subfield code="l">0</subfield>
    <subfield code="o">378.107 A32a</subfield>
    <subfield code="p">31347</subfield>
    <subfield code="r">2016-10-27 00:00:00</subfield>
    <subfield code="t">Ej:1</subfield>
    <subfield code="w">2016-10-27</subfield>
    <subfield code="y">BK</subfield>
  </datafield>
  <datafield tag="952" ind1=" " ind2=" ">
    <subfield code="0">0</subfield>
    <subfield code="1">0</subfield>
    <subfield code="2">ddc</subfield>
    <subfield code="4">0</subfield>
    <subfield code="7">0</subfield>
    <subfield code="8">GEN</subfield>
    <subfield code="a">MEACACIA</subfield>
    <subfield code="b">MEACACIA</subfield>
    <subfield code="c">GEN</subfield>
    <subfield code="d">2025-07-29</subfield>
    <subfield code="l">0</subfield>
    <subfield code="o">378.107 A32a</subfield>
    <subfield code="p">ACA02792</subfield>
    <subfield code="r">2025-07-29 08:11:19</subfield>
    <subfield code="t">Ej.1</subfield>
    <subfield code="w">2025-07-29</subfield>
    <subfield code="y">BK</subfield>
  </datafield>
</record>
